PROPOZYCJA KLASYFIKACJI KONSTRUKCJI TYPU TENSEGRITY

Bibliographic Details
Main Author: Kasprzak, A. (Author)
Format: Article
Language:Polish
ISBN:9788022740401

MARC

LEADER 00000naa a2200000uu 4500
001 vtls010942095
003 SK-MaSNL
005 20260302123316.0
008 210904|2013 xo |||||||||||||||||pol|
015 |a SNBRA 
035 |a (urnnbn)urn:nbn:sk:snk:ar-a0bcll 
035 |a (uuid)212ce004-e7bf-42b2-97d8-ddf978a0b4d6 
035 |a urn:nbn:sk:snk-aau4ur 
040 |a SNKBUCL  |b slo  |c SNKBUCL  |e AACR2 
041 0 |a pol 
044 |a xo  |c SK 
100 1 |a Kasprzak, A.  |4 aut  |9 776785 
245 1 0 |a PROPOZYCJA KLASYFIKACJI KONSTRUKCJI TYPU TENSEGRITY  |c A. Kasprzak 
773 0 |t 11th International Conference on New Trends in Statics and Dynamics of Buildings  |d In Bratislava : Slovak University of Technology, 2013  |g S. 93-96  |z 9788022740401 
958 |a OND 
958 |a article11 
958 |a chapter 
999 |c 1282321  |d 1284251